Sports Quiz

Random Sports or Basketball Quiz
Score 0/16 Timer 05:00
0 Plays Today
% Correct
Harvard
98.1%
Yale
95.6%
Princeton
88.8%
Brown
87.6%
Cornell
84.3%
Dartmouth
79.8%
Pennsylvania
79.3%
Columbia
76.1%
% Correct
Tigers
66.1%
Crimson
60.6%
Bulldogs
60.1%
Bears
55.7%
Big Red
50.5%
Quakers
47.9%
Lions
40%
Big Green
37.3%
Come Together.
Have Fun.
All Virtual.
We all need to come together. Play Sporcle's virtual live trivia to have fun, connect with people, and get your trivia on. Join a live hosted trivia game for your favorite pub trivia experience done virtually. If a virtual private party is more your thing, go here for details.

You're not logged in!

Compare scores with friends on all Sporcle quizzes.
OR
Log In

Sporcle TV

Today on Sporcle TV


Watch our educational content, quiz creation guides, and fun videos on Sporcle TV.

Show Comments

Extras

Top Quizzes Today


Score Distribution

Paid Content

Your Account Isn't Verified!

In order to create a playlist on Sporcle, you need to verify the email address you used during registration. Go to your Sporcle Settings to finish the process.

Report this User

Report this user for behavior that violates our Community Guidelines.

Details: